书目信息 |
| 题名: |
怎么样当二十一世纪的执政领导干部
|
|
| 作者: | 薛株 著 | |
| 分册: | ||
| 出版信息: | 北京 人民出版社 2005 |
|
| 页数: | 15,675页 | |
| 开本: | 21cm | |
| 丛书名: | ||
| 单 册: | ||
| 中图分类: | C035 , D035 | |
| 科图分类: | ||
| 主题词: | 国家行政机关--各级领导干部--学习必读 , 国家理论 | |
| 电子资源: | ||
| ISBN: | 7-01-004885-1 | |
| 000 | 01164nam0 2200337 450 | |
| 000 | 01127nam0 2200325 450 | |
| 000 | 01090nam0 2200313 450 | |
| 000 | 01005nam0 2200277 450 | |
| 000 | 00975nam0 2200277 450 | |
| 000 | 00921nam0 2200253 450 | |
| 000 | 00939nam0 2200241 450 | |
| 000 | 00902nam0 2200229 45 | |
| 005 | 20070102093343.18 | |
| 010 | @a7-01-004885-1@dCNY58.00 | |
| 100 | @a20060829d2005 em y0chiy0110 ea | |
| 101 | 0 | @achi |
| 102 | @aCN@b110000 | |
| 105 | @ay z 000yy | |
| 200 | 1 | @a怎么样当二十一世纪的执政领导干部@AZen Me Yang Dang Er Shi Yi Shi Ji De Zhi Zheng Ling Dao Gan Bu@f薛株著@FXue Zhu Zhu |
| 210 | @a北京@c人民出版社@d2005 | |
| 215 | @a15,675页@d21cm | |
| 330 | @a本书内容包括:执政领导干部应能写会说善于表达、执政领导干部要善于沟通协调关系、执政领导干部的工作方法和艺术等。 | |
| 606 | 0 | @a国家行政机关@x各级领导干部@x学习必读 |
| 606 | 0 | @a国家理论 |
| 690 | @aC035@v4 | |
| 690 | @aD035@v3 | |
| 701 | 0 | @a薛株@AXue Zhu@4著 |
| 801 | 0 | @aCN@b中图数据@c20070102 |
| 905 | @a10447@dD035@e48 | |
| 怎么样当二十一世纪的执政领导干部/薛株著.-北京:人民出版社,2005 |
| 15,675页;21cm |
| ISBN 7-01-004885-1:CNY58.00 |
| 本书内容包括:执政领导干部应能写会说善于表达、执政领导干部要善于沟通协调关系、执政领导干部的工作方法和艺术等。 |
| ● |
| 相关链接 |
|
|
|
|
正题名:怎么样当二十一世纪的执政领导干部
索取号:D035/48
 
预约/预借
| 序号 | 登录号 | 条形码 | 馆藏地/架位号 | 状态 | 备注 |
| 1 | 0603434 | 206034343 | 第一样本阅览室/ [索取号:D035/48] | 在馆 | |
| 2 | 0603435 | 206034352 | 第一借阅区/ [索取号:D035/48] | 在馆 | |
| 3 | 0603436 | 206034361 | 第一借阅区/ [索取号:D035/48] | 在馆 | |
| 4 | 0603437 | 206034370 | 第一借阅区/ [索取号:D035/48] | 在馆 | |
| 5 | 0603438 | 206034389 | 第一借阅区/ [索取号:D035/48] | 在馆 |